Statistics for Timeline of Most Subscribed Youtubers

Click here to take the quiz!

General Stats

  • This quiz has been taken 34 times
  • The average score is 5 of 12

Answer Stats

Date AchievedYoutuber% Correct
Aug 15, 2013 - nowPewDiePie
100%
May 17, 2006Smosh
54%
Apr 26, 2007Smosh
54%
Jan 12, 2013Smosh
54%
Oct 6, 2008FЯED
50%
Sep 24, 2008nigahiga
46%
Aug 20, 2009nigahiga
46%
Jun 28, 2011Ray William Johnson
35%
Sep 17, 2006lonelygirl15
23%
Jul 3, 2006Brookers
19%
Aug 17, 2006geriatric1927
19%
Jun 12, 2006Judson Laipply
12%

Score Distribution

Percentile by Number Answered

Percent of People with Each Score

Your Score History

You have not taken this quiz